Normal view MARC view
  • Consortium of European Building Control

Entry Corporate Name

Number of records used in: 3

001 - CONTROL NUMBER

  • control field: 4744

003 - CONTROL NUMBER IDENTIFIER

  • control field: SIRSI

005 - DATE AND TIME OF LATEST TRANSACTION

  • control field: 20190806150236.0

008 - FIXED-LENGTH DATA ELEMENTS

  • fixed length control field: 050628n| aaannaabn |n ana d

040 ## - CATALOGING SOURCE

  • Original cataloging agency: OSt
  • Transcribing agency: OSt

110 ## - HEADING--CORPORATE NAME

  • Corporate name or jurisdiction name as entry element: Consortium of European Building Control

670 ## - SOURCE DATA FOUND

  • Source citation: Building control systems in Europe, 2005